[Event "2025 National K-12 Grade Championship"]
[Site "Spokane, WI USA, United States"]
[Date "2025.12.13"]
[Round "5.16"]
[White "Radoslavov, Daniel Ray"]
[Black "Shevelenko, Leon"]
[Result "0-1"]
[TimeControl "G/90; d10"]
[WhiteFideId "39962849"]
[BlackFideId "39951278"]
[WhiteElo "1881"]
[BlackElo "2069"]

1. e4 {[%clk 01:30:00]} c5 {[%clk 01:27:39]} {[%emt 00:02:32]} 2. Nf3 {[%clk
01:29:32]} {[%emt 00:00:37]} e6 {[%clk 01:25:32]} {[%emt 00:02:19]} 3. b3
{[%clk 01:29:32]} {[%emt 00:00:09]} d6 {[%clk 01:15:17]} {[%emt 00:10:24]} 4.
Bb2 {[%clk 01:29:25]} {[%emt 00:00:18]} Nf6 {[%clk 01:09:58]} {[%emt 00:05:30]}
5. e5 {[%clk 01:29:12]} {[%emt 00:00:22]} dxe5 {[%clk 01:09:29]} {[%emt
00:00:39]} 6. Nxe5 {[%clk 01:29:09]} {[%emt 00:00:12]} Be7 {[%clk 01:07:47]}
{[%emt 00:01:52]} 7. Be2 {[%clk 01:26:02]} {[%emt 00:03:17]} O-O {[%clk
01:06:52]} {[%emt 00:01:05]} 8. O-O {[%clk 01:25:51]} {[%emt 00:00:22]} Nfd7
{[%clk 00:47:48]} {[%emt 00:19:13]} 9. Nc4 {[%clk 01:15:50]} {[%emt 00:10:11]}
Nc6 {[%clk 00:42:50]} {[%emt 00:05:09]} 10. f4 {[%clk 01:13:27]} {[%emt
00:02:33]} Bf6 {[%clk 00:41:55]} {[%emt 00:01:04]} 11. Nc3 {[%clk 01:12:30]}
{[%emt 00:01:07]} Bd4+ {[%clk 00:37:05]} {[%emt 00:05:00]} 12. Kh1 {[%clk
01:11:46]} {[%emt 00:00:53]} Nf6 {[%clk 00:34:13]} {[%emt 00:03:03]} 13. Bf3
{[%clk 01:08:33]} {[%emt 00:03:23]} Qe7 {[%clk 00:29:44]} {[%emt 00:04:39]} 14.
Qe2 {[%clk 01:02:10]} {[%emt 00:06:33]} Bd7 {[%clk 00:28:15]} {[%emt 00:01:39]}
15. a3 {[%clk 00:52:37]} {[%emt 00:09:43]} Rfd8 {[%clk 00:27:05]} {[%emt
00:01:20]} 16. Rae1 {[%clk 00:51:55]} {[%emt 00:00:52]} Rab8 {[%clk 00:24:48]}
{[%emt 00:02:27]} 17. Ne5 {[%clk 00:48:14]} {[%emt 00:03:50]} Be8 {[%clk
00:22:23]} {[%emt 00:02:36]} 18. Ba1 {[%clk 00:35:16]} {[%emt 00:13:08]} Rbc8
{[%clk 00:20:49]} {[%emt 00:01:43]} 19. d3 {[%clk 00:29:42]} {[%emt 00:05:44]}
a6 {[%clk 00:19:05]} {[%emt 00:01:54]} 20. Ne4 {[%clk 00:25:53]} {[%emt
00:03:59]} Bxa1 {[%clk 00:18:19]} {[%emt 00:00:57]} 21. Rxa1 {[%clk 00:25:49]}
{[%emt 00:00:14]} Nd4 {[%clk 00:17:51]} {[%emt 00:00:38]} 22. Qf2 {[%clk
00:25:03]} {[%emt 00:00:55]} Nxf3 {[%clk 00:14:23]} {[%emt 00:03:38]} 23. Qxf3
{[%clk 00:24:30]} {[%emt 00:00:43]} Bc6 {[%clk 00:13:19]} {[%emt 00:01:14]} 24.
Nxc6 {[%clk 00:23:37]} {[%emt 00:01:03]} Rxc6 {[%clk 00:13:19]} {[%emt
00:00:06]} 25. Nxf6+ {[%clk 00:21:16]} {[%emt 00:02:30]} Qxf6 {[%clk 00:13:01]}
{[%emt 00:00:29]} 26. a4 {[%clk 00:20:23]} {[%emt 00:01:03]} Qd4 {[%clk
00:10:32]} {[%emt 00:02:38]} 27. Rae1 {[%clk 00:19:37]} {[%emt 00:00:56]} g6
{[%clk 00:08:53]} {[%emt 00:01:49]} 28. Re2 {[%clk 00:19:00]} {[%emt 00:00:48]}
Qd5 {[%clk 00:08:05]} {[%emt 00:00:58]} 29. Qg3 {[%clk 00:17:54]} {[%emt
00:01:16]} Qd4 {[%clk 00:05:15]} {[%emt 00:03:00]} 30. h3 {[%clk 00:16:27]}
{[%emt 00:01:36]} Kh8 {[%clk 00:02:10]} {[%emt 00:03:15]} 31. Qg5 {[%clk
00:14:58]} {[%emt 00:01:39]} Rc7 {[%clk 00:00:58]} {[%emt 00:01:23]} 32. Re4
{[%clk 00:14:23]} {[%emt 00:00:45]} Qd6 {[%clk 00:00:44]} {[%emt 00:00:24]} 33.
Qf6+ {[%clk 00:13:16]} {[%emt 00:01:16]} Kg8 {[%clk 00:00:44]} {[%emt
00:00:08]} 34. Rfe1 {[%clk 00:13:05]} {[%emt 00:00:21]} Qe7 {[%clk 00:00:29]}
{[%emt 00:00:25]} 35. Qe5 {[%clk 00:12:35]} {[%emt 00:00:40]} Qd6 {[%clk
00:00:29]} {[%emt 00:00:06]} 36. Qg5 {[%clk 00:11:40]} {[%emt 00:01:04]} Qe7
{[%clk 00:00:29]} {[%emt 00:00:09]} 37. Qg3 {[%clk 00:11:23]} {[%emt 00:00:27]}
Rd5 {[%clk 00:00:12]} {[%emt 00:00:27]} 38. Qf3 {[%clk 00:10:13]} {[%emt
00:01:20]} Qd6 {[%clk 00:00:08]} {[%emt 00:00:14]} 39. g4 {[%clk 00:08:53]}
{[%emt 00:01:29]} Rc8 {[%clk 00:00:07]} {[%emt 00:00:11]} 40. Kg2 {[%clk
00:07:35]} {[%emt 00:01:28]} Kg7 {[%clk 00:00:04]} {[%emt 00:00:13]} 41. h4
{[%clk 00:06:31]} {[%emt 00:01:13]} h5 {[%clk 00:00:04]} {[%emt 00:00:05]} 42.
g5 {[%clk 00:06:18]} {[%emt 00:00:23]} b5 {[%clk 00:00:04]} {[%emt 00:00:05]}
43. axb5 {[%clk 00:06:07]} {[%emt 00:00:20]} axb5 {[%clk 00:00:04]} {[%emt
00:00:02]} 44. Ra1 {[%clk 00:05:22]} {[%emt 00:00:55]} c4 {[%clk 00:00:04]}
{[%emt 00:00:02]} 45. bxc4 {[%clk 00:05:01]} {[%emt 00:00:31]} bxc4 {[%clk
00:00:04]} {[%emt 00:00:02]} 46. Rxc4 {[%clk 00:03:35]} {[%emt 00:01:36]} Rxc4
{[%clk 00:00:04]} {[%emt 00:00:02]} 47. dxc4 {[%clk 00:03:35]} {[%emt
00:00:02]} Rd2+ {[%clk 00:00:04]} {[%emt 00:00:02]} 48. Kg3 {[%clk 00:02:13]}
{[%emt 00:01:32]} Qd4 {[%clk 00:00:04]} {[%emt 00:00:08]} 49. Re1 {[%clk
00:01:56]} {[%emt 00:00:27]} Rxc2 {[%clk 00:00:04]} {[%emt 00:00:07]} 50. Re3
{[%clk 00:01:36]} {[%emt 00:00:30]} Qd2 {[%clk 00:00:04]} {[%emt 00:00:05]} 51.
Qh1 {[%clk 00:00:02]} {[%emt 00:01:43]} Qf2+ {[%clk 00:00:04]} {[%emt
00:00:02]} 52. Kh3 {[%clk 00:00:02]} {[%emt 00:00:05]} Qxe3+ {[%clk 00:00:04]}
{[%emt 00:00:02]} 53. Qf3 {[%clk 00:00:02]} {[%emt 00:00:03]} Qxf3# {[%clk
00:00:04]} {[%emt 00:00:02]} 0-1

[Event "2025 National K-12 Grade Championship"]
[Site "Spokane, WI USA, United States"]
[Date "2025.12.13"]
[Round "5.17"]
[White "Wang, Connor"]
[Black "Zhao, Austin"]
[Result "1-0"]
[TimeControl "G/90; d10"]
[WhiteFideId "30991803"]
[BlackFideId "39921786"]
[WhiteElo "2080"]
[BlackElo "2040"]

1. e4 {[%clk 01:30:00]} {[%emt 00:00:01]} c5 {[%clk 01:27:17]} {[%emt
00:02:54]} 2. Nc3 {[%clk 01:30:00]} {[%emt 00:00:03]} Nc6 {[%clk 01:27:17]}
{[%emt 00:00:09]} 3. Nf3 {[%clk 01:30:00]} {[%emt 00:00:03]} e6 {[%clk
01:26:13]} {[%emt 00:01:14]} 4. d4 {[%clk 01:30:00]} {[%emt 00:00:04]} cxd4
{[%clk 01:26:13]} {[%emt 00:00:04]} 5. Nxd4 {[%clk 01:30:00]} {[%emt 00:00:04]}
Nf6 {[%clk 01:26:13]} {[%emt 00:00:04]} 6. Nxc6 {[%clk 01:30:00]} {[%emt
00:00:06]} bxc6 {[%clk 01:26:13]} {[%emt 00:00:03]} 7. e5 {[%clk 01:30:00]}
{[%emt 00:00:06]} Nd5 {[%clk 01:26:13]} {[%emt 00:00:04]} 8. Ne4 {[%clk
01:30:00]} {[%emt 00:00:04]} Qc7 {[%clk 01:26:13]} {[%emt 00:00:08]} 9. f4
{[%clk 01:30:00]} {[%emt 00:00:04]} Rb8 {[%clk 01:25:57]} {[%emt 00:00:28]} 10.
c4 {[%clk 01:29:25]} {[%emt 00:00:45]} Bb4+ {[%clk 01:25:54]} {[%emt 00:00:13]}
11. Ke2 {[%clk 01:29:15]} {[%emt 00:00:19]} O-O {[%clk 01:25:17]} {[%emt
00:00:47]} 12. a3 {[%clk 01:29:15]} {[%emt 00:00:05]} Be7 {[%clk 01:24:58]}
{[%emt 00:00:30]} 13. cxd5 {[%clk 01:29:15]} {[%emt 00:00:07]} cxd5 {[%clk
01:24:58]} {[%emt 00:00:04]} 14. Nd6 {[%clk 01:28:57]} {[%emt 00:00:27]} f6
{[%clk 01:22:41]} {[%emt 00:02:29]} 15. Nxc8 {[%clk 01:28:57]} {[%emt
00:00:07]} Rfxc8 {[%clk 01:22:05]} {[%emt 00:00:47]} 16. exf6 {[%clk 01:28:53]}
{[%emt 00:00:13]} Bxf6 {[%clk 01:21:42]} {[%emt 00:00:33]} 17. Rb1 {[%clk
01:28:53]} {[%emt 00:00:05]} Qc4+ {[%clk 01:10:34]} {[%emt 00:11:17]} 18. Kf2
{[%clk 01:27:05]} {[%emt 00:01:58]} Qa2 {[%clk 01:02:20]} {[%emt 00:08:25]} 19.
Bd3 {[%clk 01:22:31]} {[%emt 00:04:44]} Bd4+ {[%clk 00:50:59]} {[%emt
00:11:32]} 20. Be3 {[%clk 01:02:44]} {[%emt 00:19:57]} Bxb2 {[%clk 00:43:16]}
{[%emt 00:07:53]} 21. Qe2 {[%clk 00:58:06]} {[%emt 00:04:47]} Qxa3 {[%clk
00:41:40]} {[%emt 00:01:48]} 22. Rhd1 {[%clk 00:56:55]} {[%emt 00:01:19]} Rb3
{[%clk 00:28:39]} {[%emt 00:13:14]} 23. Rd2 {[%clk 00:47:50]} {[%emt 00:09:15]}
d4 {[%clk 00:23:43]} {[%emt 00:05:06]} 24. Rbxb2 {[%clk 00:45:12]} {[%emt
00:02:47]} dxe3+ {[%clk 00:23:12]} {[%emt 00:00:42]} 25. Kxe3 {[%clk 00:45:12]}
{[%emt 00:00:08]} Qc5+ {[%clk 00:21:12]} {[%emt 00:02:11]} 26. Kf3 {[%clk
00:44:55]} {[%emt 00:00:26]} Qh5+ {[%clk 00:16:04]} {[%emt 00:05:18]} 27. Ke3
{[%clk 00:36:47]} {[%emt 00:08:17]} Qc5+ {[%clk 00:14:37]} {[%emt 00:01:38]} 28.
Kf3 {[%clk 00:36:09]} {[%emt 00:00:48]} Qh5+ {[%clk 00:07:46]} {[%emt
00:07:01]} 29. g4 {[%clk 00:35:56]} {[%emt 00:00:23]} Qh3+ {[%clk 00:06:40]}
{[%emt 00:01:16]} 30. Ke4 {[%clk 00:35:56]} {[%emt 00:00:01]} Ra3 {[%clk
00:05:15]} {[%emt 00:01:35]} 31. Ra2 {[%clk 00:35:15]} {[%emt 00:00:51]} Rcc3
{[%clk 00:04:25]} {[%emt 00:01:00]} 32. Rxa3 {[%clk 00:29:48]} {[%emt
00:05:38]} Rxa3 {[%clk 00:04:25]} {[%emt 00:00:05]} 33. Qf3 {[%clk 00:29:21]}
{[%emt 00:00:35]} Qh4 {[%clk 00:03:36]} {[%emt 00:01:01]} 34. Qg3 {[%clk
00:27:20]} {[%emt 00:02:08]} Qe7 {[%clk 00:03:13]} {[%emt 00:00:34]} 35. Ke3
{[%clk 00:26:59]} {[%emt 00:00:30]} Qc5+ {[%clk 00:03:10]} {[%emt 00:00:15]} 36.
Ke2 {[%clk 00:26:59]} {[%emt 00:00:06]} Ra1 {[%clk 00:02:46]} {[%emt 00:00:37]}
37. Qh4 {[%clk 00:25:42]} {[%emt 00:01:24]} g6 {[%clk 00:00:58]} {[%emt
00:02:00]} 38. Rc2 {[%clk 00:20:12]} {[%emt 00:05:40]} Qf8 {[%clk 00:00:52]}
{[%emt 00:00:15]} 39. Rc7 {[%clk 00:18:31]} {[%emt 00:01:51]} Qa8 {[%clk
00:00:37]} {[%emt 00:00:25]} 40. Ke3 {[%clk 00:18:01]} {[%emt 00:00:39]} Qb8
{[%clk 00:00:25]} {[%emt 00:00:23]} 41. Rxd7 {[%clk 00:17:21]} {[%emt
00:00:51]} Qb6+ {[%clk 00:00:25]} 42. Rd4 {[%clk 00:17:21]} Ra2 {[%clk
00:00:11]} {[%emt 00:00:25]} 43. Qd8+ {[%clk 00:16:00]} {[%emt 00:01:30]} Qxd8
{[%clk 00:00:11]} {[%emt 00:00:03]} 44. Rxd8+ {[%emt 00:00:04]} Kg7 {[%clk
00:00:11]} {[%emt 00:00:06]} 45. Rd7+ {[%clk 00:16:00]} {[%emt 00:00:10]} Kg8
{[%clk 00:00:08]} {[%emt 00:00:14]} 46. Bc4 {[%clk 00:14:10]} {[%emt 00:02:00]}
Rxh2 {[%clk 00:00:08]} {[%emt 00:00:03]} 47. Bxe6+ {[%clk 00:14:10]} {[%emt
00:00:02]} Kf8 {[%clk 00:00:08]} 48. Rxa7 {[%clk 00:14:10]} {[%emt 00:00:05]}
Rh1 {[%clk 00:00:08]} {[%emt 00:00:07]} 49. Ke4 {[%clk 00:13:50]} {[%emt
00:00:26]} Re1+ {[%clk 00:00:08]} {[%emt 00:00:08]} 50. Kd5 {[%clk 00:13:50]}
{[%emt 00:00:01]} Rd1+ {[%clk 00:00:08]} {[%emt 00:00:04]} 51. Ke5 {[%clk
00:13:50]} {[%emt 00:00:02]} Rf1 {[%clk 00:00:06]} {[%emt 00:00:12]} 52. Rxh7
{[%clk 00:13:49]} {[%emt 00:00:11]} Rf2 {[%clk 00:00:03]} {[%emt 00:00:14]} 53.
Rf7+ {[%clk 00:13:28]} {[%emt 00:00:31]} Ke8 {[%clk 00:00:03]} {[%emt
00:00:06]} 54. Rg7 {[%clk 00:13:28]} {[%emt 00:00:04]} Re2+ {[%clk 00:00:03]}
{[%emt 00:00:14]} 55. Kf6 {[%clk 00:13:28]} {[%emt 00:00:05]} Kd8 {[%clk
00:00:03]} {[%emt 00:00:09]} 56. Rxg6 {[%clk 00:13:12]} 1-0

[Event "2025 National K-12 Grade Championship"]
[Site "Spokane, WI USA, United States"]
[Date "2025.12.13"]
[Round "5.18"]
[White "Jammalamadaka, Vihaan"]
[Black "Anandh, Vijay Srinivas"]
[Result "1-0"]
[TimeControl "G/90; d10"]
[WhiteTitle "CM"]
[WhiteFideId "30977134"]
[BlackFideId "30975794"]
[WhiteElo "2191"]
[BlackElo "2248"]

1. d4 {[%clk 01:30:00]} {[%emt 00:00:02]} Nf6 {[%clk 01:29:50]} {[%emt
00:00:12]} 2. c4 {[%clk 01:30:00]} {[%emt 00:00:16]} e6 {[%clk 01:29:50]}
{[%emt 00:00:04]} 3. Nc3 {[%clk 01:30:00]} {[%emt 00:00:06]} Bb4 {[%clk
01:29:47]} {[%emt 00:00:13]} 4. Qc2 {[%clk 01:30:00]} {[%emt 00:00:07]} d5
{[%clk 01:29:47]} {[%emt 00:00:10]} 5. Nf3 {[%clk 01:30:00]} {[%emt 00:00:07]}
O-O {[%clk 01:27:56]} {[%emt 00:02:03]} 6. Bg5 {[%clk 01:30:00]} {[%emt
00:00:09]} c5 {[%clk 01:25:41]} {[%emt 00:02:25]} 7. cxd5 {[%clk 01:28:58]}
{[%emt 00:01:12]} exd5 {[%clk 01:23:55]} {[%emt 00:01:56]} 8. dxc5 {[%clk
01:21:19]} {[%emt 00:07:50]} h6 {[%clk 00:59:06]} {[%emt 00:24:59]} 9. Bxf6
{[%clk 01:03:31]} {[%emt 00:17:58]} Qxf6 {[%clk 00:58:40]} {[%emt 00:00:35]} 10.
e3 {[%clk 01:02:33]} {[%emt 00:01:08]} Be6 {[%clk 00:51:52]} {[%emt 00:06:58]}
11. Bd3 {[%clk 00:58:00]} {[%emt 00:04:42]} Rc8 {[%clk 00:49:30]} {[%emt
00:02:33]} 12. O-O {[%clk 00:57:18]} {[%emt 00:00:53]} Bxc3 {[%clk 00:43:59]}
{[%emt 00:05:41]} 13. bxc3 {[%clk 00:57:00]} {[%emt 00:00:28]} Rxc5 {[%emt
00:05:04]} 14. Nd4 {[%clk 00:51:00]} {[%emt 00:03:39]} Nd7 {[%clk 00:40:41]}
{[%emt 00:01:05]} 15. Qb3 {[%clk 00:44:40]} {[%emt 00:06:30]} b6 {[%clk
00:36:04]} {[%emt 00:04:47]} 16. Rac1 {[%clk 00:40:05]} {[%emt 00:04:44]} Ne5
{[%clk 00:32:41]} {[%emt 00:03:33]} 17. Be2 {[%clk 00:38:23]} {[%emt 00:01:52]}
Rac8 {[%clk 00:30:04]} {[%emt 00:02:47]} 18. f4 {[%clk 00:29:49]} {[%emt
00:08:45]} Nc6 {[%clk 00:26:56]} {[%emt 00:03:17]} 19. Qb2 {[%clk 00:25:27]}
{[%emt 00:04:32]} Na5 {[%clk 00:25:13]} {[%emt 00:01:53]} 20. Bb5 {[%clk
00:22:21]} {[%emt 00:03:15]} R8c7 {[%clk 00:22:43]} {[%emt 00:02:40]} 21. Rf3
{[%clk 00:21:47]} {[%emt 00:00:44]} Nb7 {[%clk 00:20:55]} {[%emt 00:01:59]} 22.
Bd3 {[%clk 00:18:41]} {[%emt 00:03:15]} Nd6 {[%clk 00:20:31]} {[%emt 00:00:34]}
23. Rg3 {[%clk 00:16:48]} {[%emt 00:02:02]} Bf5 {[%clk 00:17:13]} {[%emt
00:03:29]} 24. Bxf5 {[%clk 00:13:24]} {[%emt 00:03:34]} Nxf5 {[%clk 00:17:13]}
{[%emt 00:00:02]} 25. Nxf5 {[%clk 00:13:18]} {[%emt 00:00:16]} Qxf5 {[%clk
00:17:13]} {[%emt 00:00:04]} 26. Qd2 {[%clk 00:13:00]} {[%emt 00:00:29]} Qf6
{[%clk 00:13:01]} {[%emt 00:04:21]} 27. h3 {[%clk 00:12:46]} {[%emt 00:00:24]}
Rxc3 {[%clk 00:09:08]} {[%emt 00:04:04]} 28. Rxc3 {[%clk 00:12:10]} {[%emt
00:00:45]} Rxc3 {[%clk 00:08:23]} {[%emt 00:00:55]} 29. Kh2 {[%clk 00:06:39]}
{[%emt 00:05:41]} Rc5 {[%clk 00:07:40]} {[%emt 00:00:53]} 30. Qd1 {[%clk
00:05:19]} {[%emt 00:01:30]} b5 {[%clk 00:05:59]} {[%emt 00:01:51]} 31. Qb1
{[%clk 00:04:03]} {[%emt 00:01:25]} a5 {[%clk 00:05:26]} {[%emt 00:00:43]} 32.
Rf3 {[%clk 00:03:16]} {[%emt 00:00:58]} b4 {[%clk 00:05:24]} {[%emt 00:00:12]}
33. Qd1 {[%clk 00:03:07]} {[%emt 00:00:19]} Qe6 {[%clk 00:02:50]} {[%emt
00:02:43]} 34. Rg3 {[%clk 00:02:58]} {[%emt 00:00:21]} Rc4 {[%clk 00:02:42]}
{[%emt 00:00:16]} 35. Qd2 {[%clk 00:02:35]} {[%emt 00:00:34]} Qe4 {[%clk
00:02:31]} {[%emt 00:00:20]} 36. Qd1 {[%clk 00:02:23]} {[%emt 00:00:24]} Qf5
{[%clk 00:02:11]} {[%emt 00:00:31]} 37. Qa1 {[%emt 00:00:40]} Rc3 {[%clk
00:02:11]} {[%emt 00:00:05]} 38. Qd1 {[%clk 00:01:54]} {[%emt 00:00:02]} g6
{[%clk 00:01:34]} {[%emt 00:00:47]} 39. h4 {[%clk 00:01:40]} {[%emt 00:00:24]}
Kh7 {[%clk 00:00:43]} {[%emt 00:01:02]} 40. Qd4 {[%clk 00:01:35]} {[%emt
00:00:14]} Rc4 {[%clk 00:00:35]} {[%emt 00:00:18]} 41. Qd2 {[%clk 00:01:24]}
{[%emt 00:00:21]} Re4 {[%clk 00:00:35]} {[%emt 00:00:09]} 42. Rf3 {[%clk
00:01:02]} {[%emt 00:00:32]} Qg4 {[%clk 00:00:35]} {[%emt 00:00:04]} 43. Qb2
{[%clk 00:01:02]} {[%emt 00:00:11]} Qxh4+ {[%clk 00:00:33]} {[%emt 00:00:12]}
44. Rh3 {[%clk 00:01:02]} {[%emt 00:00:03]} Qe7 {[%clk 00:00:33]} {[%emt
00:00:05]} 45. Rxh6+ {[%clk 00:01:02]} {[%emt 00:00:07]} Kxh6 {[%clk 00:00:23]}
{[%emt 00:00:20]} 46. Qh8# {[%emt 00:00:02]} 1-0

[Event "2025 National K-12 Grade Championship"]
[Site "Spokane, WI USA, United States"]
[Date "2025.12.13"]
[Round "5.19"]
[White "Yang, Maxwell Z"]
[Black "Guo, Ethan"]
[Result "1/2-1/2"]
[TimeControl "G/90; d10"]
[WhiteTitle "CM"]
[BlackTitle "FM"]
[WhiteFideId "30965268"]
[BlackFideId "30976359"]
[WhiteElo "2134"]
[BlackElo "2367"]

1. d4 {[%clk 01:28:12]} {[%emt 00:01:57]} Nf6 {[%clk 01:30:00]} {[%emt
00:00:05]} 2. c4 {[%clk 01:28:12]} {[%emt 00:00:05]} e6 {[%clk 01:30:00]}
{[%emt 00:00:04]} 3. Nc3 {[%clk 01:28:12]} {[%emt 00:00:04]} Bb4 {[%clk
01:30:00]} {[%emt 00:00:03]} 4. e3 {[%clk 01:28:12]} {[%emt 00:00:07]} Bxc3+
{[%clk 01:30:00]} {[%emt 00:00:05]} 5. bxc3 {[%clk 01:28:12]} {[%emt 00:00:05]}
b6 {[%clk 01:30:00]} {[%emt 00:00:08]} 6. Qf3 {[%clk 01:24:59]} {[%emt
00:03:23]} Nc6 {[%clk 01:21:24]} {[%emt 00:08:47]} 7. e4 {[%clk 01:20:45]}
{[%emt 00:04:25]} e5 {[%clk 01:16:25]} {[%emt 00:05:09]} 8. d5 {[%clk
01:20:15]} {[%emt 00:00:40]} Ne7 {[%clk 01:12:21]} {[%emt 00:04:13]} 9. Bd3
{[%clk 01:16:01]} {[%emt 00:04:25]} h6 {[%clk 01:06:56]} {[%emt 00:05:35]} 10.
Ne2 {[%clk 01:05:28]} {[%emt 00:10:42]} d6 {[%clk 01:04:16]} {[%emt 00:02:50]}
11. h3 {[%clk 01:04:27]} {[%emt 00:01:12]} Ng6 {[%clk 01:02:27]} {[%emt
00:01:58]} 12. g3 {[%clk 01:03:18]} {[%emt 00:01:19]} a5 {[%clk 01:00:26]}
{[%emt 00:02:11]} 13. a4 {[%clk 01:01:50]} {[%emt 00:01:39]} Nd7 {[%clk
00:59:47]} {[%emt 00:00:49]} 14. Be3 {[%clk 01:01:29]} {[%emt 00:00:31]} Nc5
{[%clk 00:53:45]} {[%emt 00:06:11]} 15. Bc2 {[%clk 00:50:52]} {[%emt 00:10:48]}
Ba6 {[%clk 00:51:48]} {[%emt 00:02:08]} 16. Bxc5 {[%clk 00:49:17]} {[%emt
00:01:44]} bxc5 {[%clk 00:51:48]} {[%emt 00:00:10]} 17. Bd3 {[%clk 00:47:50]}
{[%emt 00:01:38]} Rb8 {[%clk 00:48:29]} {[%emt 00:03:29]} 18. O-O {[%clk
00:47:34]} {[%emt 00:00:26]} O-O {[%clk 00:45:59]} {[%emt 00:02:40]} 19. Kh2
{[%clk 00:43:19]} {[%emt 00:04:25]} Rb2 {[%clk 00:45:14]} {[%emt 00:00:55]} 20.
Rfb1 {[%clk 00:42:48]} {[%emt 00:00:40]} Rxb1 {[%clk 00:44:56]} {[%emt
00:00:29]} 21. Rxb1 {[%clk 00:42:09]} {[%emt 00:00:50]} Qd7 {[%clk 00:44:56]}
{[%emt 00:00:01]} 22. Ra1 {[%clk 00:42:02]} {[%emt 00:00:17]} Rb8 {[%clk
00:44:35]} {[%emt 00:00:29]} 23. Qe3 {[%clk 00:41:38]} {[%emt 00:00:34]} Bc8
{[%clk 00:40:51]} {[%emt 00:03:55]} 24. Ng1 {[%clk 00:40:43]} {[%emt 00:01:05]}
Rb2 {[%clk 00:38:41]} {[%emt 00:02:20]} 25. Be2 {[%clk 00:40:13]} {[%emt
00:00:40]} Ba6 {[%clk 00:37:26]} {[%emt 00:01:25]} 26. Qc1 {[%clk 00:38:58]}
{[%emt 00:01:25]} Rb6 {[%clk 00:37:22]} {[%emt 00:00:14]} 27. Qc2 {[%clk
00:38:01]} {[%emt 00:01:07]} Qe8 {[%clk 00:36:22]} {[%emt 00:01:09]} 28. Nf3
{[%clk 00:37:34]} {[%emt 00:00:37]} Qb8 {[%clk 00:32:49]} {[%emt 00:03:43]} 29.
Nd2 {[%clk 00:37:08]} {[%emt 00:00:37]} Nf8 {[%clk 00:32:12]} {[%emt 00:00:47]}
30. Rb1 {[%clk 00:34:50]} {[%emt 00:02:28]} Nd7 {[%clk 00:31:57]} {[%emt
00:00:25]} 31. Rb3 {[%clk 00:33:07]} {[%emt 00:01:52]} Qe8 {[%clk 00:30:12]}
{[%emt 00:01:55]} 32. Bg4 {[%clk 00:20:35]} {[%emt 00:12:43]} Nf6 {[%clk
00:28:57]} {[%emt 00:01:24]} 33. Rxb6 {[%clk 00:19:51]} {[%emt 00:00:54]} cxb6
{[%clk 00:28:57]} {[%emt 00:00:06]} 34. Be2 {[%clk 00:19:49]} {[%emt 00:00:12]}
Qd8 {[%clk 00:24:55]} {[%emt 00:04:12]} 35. Nf1 {[%clk 00:19:12]} 1/2-1/2

[Event "2025 National K-12 Grade Championship"]
[Site "Spokane, WI USA, United States"]
[Date "2025.12.13"]
[Round "5.20"]
[White "Goodrich, Elliott"]
[Black "Kona, Vidip Kumar"]
[Result "1/2-1/2"]
[TimeControl "G/90; d10"]
[WhiteFideId "39902064"]
[BlackFideId "30990440"]
[WhiteElo "2225"]
[BlackElo "2202"]

1. e4 {[%clk 01:30:00]} c6 {[%clk 01:25:44]} {[%emt 00:04:26]} 2. Nc3 {[%clk
01:29:47]} {[%emt 00:00:23]} d5 {[%clk 01:25:44]} {[%emt 00:00:10]} 3. Nf3
{[%clk 01:29:47]} {[%emt 00:00:03]} dxe4 {[%clk 01:25:44]} {[%emt 00:00:04]} 4.
Nxe4 {[%clk 01:29:47]} {[%emt 00:00:04]} Nf6 {[%clk 01:25:44]} {[%emt
00:00:05]} 5. Qe2 {[%clk 01:29:47]} {[%emt 00:00:03]} Nxe4 {[%clk 01:25:44]}
{[%emt 00:00:05]} 6. Qxe4 {[%clk 01:29:47]} {[%emt 00:00:03]} Nd7 {[%clk
01:25:44]} {[%emt 00:00:07]} 7. Bc4 {[%clk 01:29:47]} {[%emt 00:00:02]} Nf6
{[%clk 01:25:44]} {[%emt 00:00:06]} 8. Ne5 {[%clk 01:29:47]} {[%emt 00:00:03]}
e6 {[%clk 01:25:44]} {[%emt 00:00:06]} 9. Qf4 {[%clk 01:29:47]} {[%emt
00:00:02]} b5 {[%clk 01:25:44]} {[%emt 00:00:07]} 10. Be2 {[%clk 01:29:47]}
{[%emt 00:00:03]} Bd6 {[%clk 01:25:44]} {[%emt 00:00:06]} 11. d4 {[%clk
01:29:47]} {[%emt 00:00:07]} O-O {[%clk 01:25:12]} {[%emt 00:00:42]} 12. Qh4
{[%clk 01:29:43]} {[%emt 00:00:14]} Bb7 {[%clk 01:23:40]} {[%emt 00:01:42]} 13.
Bd3 {[%clk 01:26:04]} {[%emt 00:03:48]} Be7 {[%clk 01:22:36]} {[%emt 00:01:14]}
14. Bg5 {[%clk 01:16:23]} {[%emt 00:09:52]} h6 {[%clk 01:19:33]} {[%emt
00:03:14]} 15. Ng4 {[%clk 01:11:31]} {[%emt 00:05:02]} Nd5 {[%clk 01:17:08]}
{[%emt 00:02:35]} 16. Nxh6+ {[%clk 00:50:06]} {[%emt 00:21:35]} gxh6 {[%clk
01:17:08]} {[%emt 00:00:09]} 17. Qxh6 {[%clk 00:50:06]} {[%emt 00:00:03]} f5
{[%clk 01:17:08]} {[%emt 00:00:07]} 18. Qg6+ {[%clk 00:49:57]} {[%emt
00:00:19]} Kh8 {[%clk 01:17:08]} {[%emt 00:00:08]} 19. Qh5+ {[%clk 00:47:45]}
{[%emt 00:02:22]} Kg8 {[%clk 01:17:07]} {[%emt 00:00:11]} 20. Qg6+ {[%clk
00:47:35]} {[%emt 00:00:19]} 1/2-1/2